| 000 | 01390nam a2200313 a 4500 | ||
|---|---|---|---|
| 001 | BRCA_3119 | ||
| 005 | 20190320204124.0 | ||
| 008 | 290109s1853----fr-a---###---#000-0dfre-u | ||
| 041 | _afre | ||
| 044 | _afr | ||
| 084 |
_a425 _b.L436 _c1853 |
||
| 100 | 1 |
_aCervantes Saavedra, Miguel de _d1547-1616 _9213 |
|
| 245 | 1 | 0 |
_aL´Ingenieux Hidalgo Don Quichotte de la Manche _cpar Miguel de Cervantes Saavedra. |
| 260 |
_aParís _bVictor Lecou _c1853 |
||
| 300 |
_axix, 840 p. _bil. _c28 cm. |
||
| 500 | _aContenido : Primera parte. Vida y obra de Cervantes par L. Viardot. Prólogo del autor. Texto. Segunda parte. Prólogo del autor. Texto | ||
| 500 | _aEdición : Traduit et annoté par Louis Viardot. Vignettes de Tony Johannot | ||
| 500 | _aCopia de la edición pulicada por J.J. Dubochet en 1845. Impresión excelente. Tela; lomo y planos decorados con motivos quijotiles milticolores; cortes dorados también Lúdovik Osterc | ||
| 500 | _aQM353 | ||
| 546 | _aTexto en : francés | ||
| 650 | 1 | 4 |
_aNovela española _yÉpoca clásica, 1500-1700 _9215 |
| 650 | 1 | 4 |
_aLiteratura española _yÉpoca clásica, 1500-1700 _9216 |
| 650 | 1 | 4 |
_aNovela española _ySiglo XVII _9217 |
| 650 | 1 | 4 |
_aDon Quijote (Personaje ficticio) _eNovela _9218 |
| 700 | 1 |
_aViardot, Louis _d1800-1883 _eTraductor _98477 |
|
| 740 | 0 | _aEl Ingenioso Hidalgo Don Quijote de la Mancha | |
| 902 | _aQFM | ||
| 942 |
_2lcc _cB |
||
| 999 |
_c2855 _d2855 |
||